000 00659nam a22002177a 4500
003 UA-OsUOA
001 81636
007 ta
008 20120203b un ||||| |||| 00| 0 ukr d
100 _aШубравська О.
090 _a330(477)
_bШ95
942 _cSA
040 _aUA-OsUOA
_bfre
_cUA-OsUOA
_dUA-OsUOA
245 _aІнноваційний розвиток аграрного сектора економіки України: теоретико-методологічний аспект
300 _aС.27-36
955 _a0
041 _afre
080 _a330(477)
773 0 _w81634
650 7 _a330 Економіка взагалі
_2UDC
999 _c367961
_d367961